000 02330cam a22003375a 4500
001 E148162
008 090810s2009 xxk f 001 0 eng d
020 _a9781842194980
035 _a(Sirsi) u148162
041 0 _aeng
050 0 4 _a333.33 $2 18
110 2 _aRoyal Institution of Chartered Surveyors
_94900
245 0 0 _aBlue book
_bresidential estate agency standards
_c[old edition]
250 _a3rd ed.
260 _aCoventry
_bRICS
_c2009
300 _axxiv, 202p.
_bspiral bound
_c24cm.
350 _a75
490 0 _aRICS Guidance Note
490 0 _aRICS Blue Book
505 2 _aIntroduction -- Part I, blue book code of conduct for estate agents dealing with residential property: introduction to the blue book code; the core principles; the principles within the blue book code; explanatory text supporting the principles; glossary of terms -- Part II, residential estate agency standards: ethics; securing instructions; acting for the seller, marketing the property; acting for the seller, agreeing the sale; acting for the buyer; ending the instruction; safety and security; agency management; regulation and legislation -- Index
520 _aSets out in a logical sequence how an agent should conduct his or her business, and helps to ensure compliance with the law, with official guidance, and with industry best practice. Contains a Code of Conduct for Estate Agents dealing with Residential Property and provides guidance to support this. Includes Tables of cases, statutes and statutory instruments. Interim updates will be published online and an updated print edition published annually.
520 _aSupersedes the RICS Manual of Estate Agency Law and Practice (ISBN 1842191543).
520 _aSuperseded by Fourth edition published October 2010 as Blue Book: Residential property standards; then Fifth edition published October 2011 as RICS UK Residential Property Standards; Sixth edition as UK Residential Real Estate Agency
521 _aAdvanced
590 _aKA NTK
651 4 _aUnited Kingdom
690 _aPROPERTY-RESIDENTIAL PROPERTY-ACQUISITION AND DISPOSAL OF RESIDENTIAL PROPERTY
690 _aPROPERTY-PROPERTY AGENCY
856 4 1 _uhttps://www.rics.org/uk/products/knowledge-and-information-services/
_zOld edition please email [email protected]
942 _n0
_2ddc
999 _c109921
_d109921